000 00289nam a2200121Ia 4500
008 191201s2009 xx 000 0 und d
100 _aCARSWELL, Row
245 0 _aParallel Operating System
260 _bCengage Learning
_c2009
300 _a436
650 _aB.Tech(CSE)
942 _2ddc
_cBK
999 _c6885
_d6885